000 02883nam0a2200493 4500
001 RU\NLR\bibl\2008866
005 20260409072349.0
010 _a978-5-4343-0190-9
_9500
021 _aRU
_b2013-9677
_9699
035 _a(NLR Aleph) 001997457
090 _a4311403
_c4311403
100 _a20130306d2012 k y0rusy50 ca
101 0 _arus
_ager
_deng
102 _aRU
105 _aa |||||||||
200 1 _aПрофессиональная коммуникация: культурологические, лингвистические и дидактические аспекты исследования
_dProfessional communication: culturogical, linguistic and didactic aspects of research
_eколлективная монография
_fМ-во образования и науки РФ, Федер. гос. бюджет. образоват. учреждение высш. проф. образования "Тамбовский гос. ун-т им. Г.Р. Державина"
_g[ред. кол.: к.филол.н., доц. О.А. Дронова (отв. ред.) и др.]
_zeng
210 _aТамбов
_cБизнес-наука-общество
_d2012
215 _a307 с.
_cил.
_d21
300 _aЧасть текста на нем. яз.
300 _aРез. на англ. яз.
320 _aБиблиогр. в конце докл.
510 1 _aProfessional communication: culturogical, linguistic and didactic aspects of research
_zeng
606 1 _aКоммуникативная лингвистика
_91366505
_3RU\NLR\auth\66572162
606 1 _aКогнитивная лингвистика
_91523672
_3RU\NLR\auth\66662714
606 1 _aГендерная лингвистика
_92282020
_3RU\NLR\auth\661367159
606 1 _aДискурс профессиональный
_92586451
_3RU\NLR\auth\661528740
606 _aСемиотика (лингв.)
_3RU\NLR\auth\661005014
_91604813
606 1 _aМежкультурная коммуникация
_92368045
_3RU\NLR\auth\661413599
606 1 _aИндоевропейские языки
_xСтилистика
_91182204
_3RU\NLR\auth\66475889
606 1 _aМежкультурная коммуникация
_xПреподавание
_xВысшая школа
_92602551
_3RU\NLR\auth\661539109
686 _aШ100.0
686 _aШ100.4
686 _aШ100.1
686 _aШ100.3
686 _aШ140/159-7
686 _aЧ486.11/17
702 1 _4070
_8rus
_7ca
_aДронова
_bО. А.
_cд-р филол. наук
_gОльга Александровна
_3RU\NLR\AUTH\7796753
_979679
712 0 2 _4570
_aТамбовский государственный университет им. Г. Р. Державина
_3RU\NLR\AUTH\889917219
_9330608
801 0 _aRU
_bNLR
_c20130306
_gRCR
801 1 _aRU
_bNLR
_c20130306
942 _cBOOK
980 _aNBR
980 _aNB